000 00459nam a22001697a 4500
005 20260312165913.0
008 260312b |||||||| |||| 00| 0 eng d
037 _cDSWL
040 _aDSWL
_cDSWL
041 _heng
100 _aIrudayam S J, Aloysius
_91131906
245 _aDalit women speak out
260 _aNew Delhi,
_bZubaan Publication,
_c2011
300 _a442p
942 _2CC
_cTEXL
_n0
999 _c1715285
_d1715285